[Event "Moncada Cup-G"]
[Site "Santiago de Cuba"]
[Date "2019.03.29"]
[Round "10.3"]
[White "Zamora Pena, Norbel"]
[Black "Verdecia Diaz, Rafael"]
[Result "0-1"]
[WhiteElo "1971"]
[BlackElo "1962"]
[PlyCount "44"]
[EventDate "2019.03.20"]
[EventType "tourn"]
[EventRounds "10"]
[EventCountry "CUB"]
[SourceTitle "EXT 2023"]
[Source "ChessBase"]
[SourceDate "2022.10.05"]
[SourceVersion "1"]
[SourceVersionDate "2022.10.05"]
[SourceQuality "1"]

1. e4 e6 2. d4 d5 3. Nd2 dxe4 4. Nxe4 Nf6 5. Nxf6+ Qxf6 6. Nf3 h6 7. Bd3 Nc6 8. 0-0 Bd7 9. c3 Bd6 10. Re1 0-0-0 11. Be3 g5 12. d5 exd5 13. Nd4 Ne5 14. Be2 h5 15. Nb5 Bxb5 16. Bxb5 a6 17. Ba4 g4 18. Qd4 c5 19. Qxd5 Nf3+ 20. Kf1 Nxh2+ 21. Ke2 Bc7 22. Qxc5 Qf3+ 0-1